Introducción a la crítica literaria actual / (Record no. 83489)

MARC details
000 -LEADER
campo de control de longitud fija 00464nam a2200157 i 4500
001 - NÚMERO DE CONTROL
campo de control 83489
003 - IDENTIFICADOR DE NÚMERO DE CONTROL
campo de control ES-MaACL
007 - CAMPO FIJO DE DESCRIPCIÓN FÍSICA--INFORMACIÓN GENERAL
campo de control de longitud fija t|
008 - DATOS DE LONGITUD FIJA--INFORMACIÓN GENERAL
campo de control de longitud fija 041117s1984 sp ||||1| spa d
245 00 - MENCIÓN DEL TÍTULO
Título Introducción a la crítica literaria actual /
Mención de responsabilidad, etc. coordinador, Pedro Aullón de Haro.
260 ## - PUBLICACIÓN, DISTRIBUCIÓN, ETC.
Lugar de publicación, distribución, etc. [Madrid] :
Nombre del editor, distribuidor, etc. Playor,
Fecha de publicación, distribución, etc. [1984]
300 ## - DESCRIPCIÓN FÍSICA
Extensión 402 p. ;
Dimensiones 24 cm.
700 1# - ENTRADA AGREGADA--NOMBRE PERSONAL
Nombre de persona Aullón de Haro, Pedro
9 (RLIN) 23910
852 ## - LOCALIZACIÓN
Ubicación ES-MaACL
Número de control de estantería L-6363
Sublocalización o colección R.106999
Holdings
Estatus retirado Estado de pérdida Estado de daño No para préstamo Biblioteca de origen Biblioteca actual Ubicación en estantería Fecha de adquisición Fuente de adquisición Total de préstamos Signatura topográfica completa Código de barras Visto por última vez Precio de reemplazo Tipo de ítem Koha
        Biblioteca del Ateneo de Madrid Biblioteca del Ateneo de Madrid Depósito 2 17/01/2008     L-6363 1087261 23/02/2023 23/02/2023 Libro impreso